Statistiken für Players Championships 2016 (Darts)

Klicken Sie hier um das Quiz zu spielen!

Allgemein

  • Dieses Quiz wurde 9 mal gespielt
  • Das Durchschnittsergebnis liegt bei 15 aus 20

Antwortstatistiken

TurnierSiegerNationalität% Korrekt
7Gerwyn PriceWales
100%
8Gerwyn PriceWales
100%
14Michael van GerwenNiederlande
100%
3Michael van GerwenNiederlande
100%
17Michael van GerwenNiederlande
100%
16Michael van GerwenNiederlande
100%
15Michael van GerwenNiederlande
100%
1Peter WrightSchottland
100%
19Simon WhitlockAustralien
100%
18Simon WhitlockAustralien
100%
12Gary AndersonSchottland
86%
10Dave ChisnallEngland
71%
11Ian WhiteEngland
57%
13Ian WhiteEngland
57%
5Ian WhiteEngland
57%
9Benito van de PasNiederlande
43%
4Benito van de PasNiederlande
43%
20Benito van de PasNiederlande
43%
2Stephen BuntingEngland
29%
6Josh PayneEngland
14%

Verteilung der Resultate

Perzentil nach korrekt beantworteten Fragen

Anzahl Personen mit jedem Resultat

Ihre Resultats-Entwicklung

Sie haben dieses Quiz noch nicht gespielt